Normal view
MARC view
- VISMAYA K P
Entry Personal Name
001 - CONTROL NUMBER
- control field: 7925
003 - CONTROL NUMBER IDENTIFIER
- control field: OSt
005 - DATE AND TIME OF LATEST TRANSACTION
- control field: 20260311112313.0
008 - FIXED-LENGTH DATA ELEMENTS
- fixed length control field: 260311|| aca||aabn | a|a d
040 ## - CATALOGING SOURCE
- Original cataloging agency: OSt
- Transcribing agency: OSt
100 ## - HEADING--PERSONAL NAME
- Personal name: VISMAYA K P
670 ## - SOURCE DATA FOUND
- Source citation: Work cat.: (OSt)19630: RAHUL KUMAR SRIVASTAVA 7923, FUTURE PROJECTION OF STREAMFLOW AND GROUNDWATER RECHARGE IN PERIYAR RIVER BASIN USING CMIP6 APPROACH, 2025
